Material'naja otvetstvennost' i kačestvo produkcii

Gespeichert in:
Bibliographische Detailangaben
1. Verfasser: Svilpe, Karl Janovič
Weitere Verfasser: Udalov, Valerij Pavlovič
Format: Buch
Sprache:Russisch
Veröffentlicht: Riga Zinatne 1984
Tags: Tag hinzufügen
Keine Tags, Fügen Sie das erste Tag hinzu!

MARC

LEADER 00000nam a2200000 4500
001 c110143
005 20041019155146.0
041 0 |a rus 
044 |a LV 
245 1 0 |a Material'naja otvetstvennost' i kačestvo produkcii  |c Karl Janovič Svilpe, Valerij Pavlovič Udalov 
264 1 |a Riga  |b Zinatne  |c 1984 
300 |a 130 s. 
100 1 |a Svilpe, Karl Janovič 
700 1 |a Udalov, Valerij Pavlovič